MDQL
is popping MORE tags! Check the
thread
!
Quizzes
Events
Quiz Creation
Community
Videos
Private Events
Remove Ads
Sign In
Join for FREE
Feedback
Dark Mode
Quiz Categories
Sports
Geography
Music
Movies
Television
Just For Fun
Miscellaneous
History
Literature
Language
Science
Gaming
Entertainment
Religion
Holiday
For Kids
Quiz Lab
Recent
Popular Today
Quiz Kudos Today
Editor Picks
Curator Picks
Quizzes by...
Day
Popularity
Type
Ratings
Length
Year
Community
Subscriptions
Recent Discussions
Orange Saloon
Badges
Playlists
Quests
Create
Leaderboards
Showdown
Live 5
Trivia Bingo
Activity
Puzzle Library
Sporcle Events
Private Events
Virtual Trivia
Globe League
Become a Host
Pub Owners
SporcleCon
Opinionation
Our Games
Videos
Blog
Mobile Apps
Partnerships
Remove Ads and Go Orange
Feedback
Television
TV Characters
TV Show
Sitcom
Network
Friends
Reality Shows
Cast
South Park
Star Trek
The Simpsons
Doctor Who
Television
TV Characters
TV Show
Sitcom
Network
Friends
Reality Shows
Cast
South Park
Star Trek
The Simpsons
Doctor Who
Random Quiz
Search Sporcle
×
Quiz Lab
Quiz Lab
Television
code
Type in answers that appear in a list
Type in answers that appear in a list
Classic
Best Score? Go Orange.
Futurama By Plot Stats
Can you name the Futurama Episode By Plot?
By
Maple
15m
76 Questions
492 Plays
492 Plays
492 Plays
Comments
Comments
Give Quiz Kudos
Give Quiz Kudos
-
- Ratings
hide this ad
Replay
Link that replays current quiz
Next Quiz
Link to next quiz in quiz playlist
You Got
0%
They Got
Avg Score
50%
Avg Friend Score
Upgrade to see
Score Distribution
Jump to the score distribution portion of the page
Score
0/76
Timer
15:00
0
Plays Today
Plot
Episode
% Correct
Philip J. Fry is accidentally cryogenically frozen and wakes up 1000 years into the future
Space Pilot 3000
81.9%
The Planet Express are sent to the moon for a delivery
The Series Has Landed
73.8%
Fry looks for a place to stay, and Bender is hurt by his negligence
I, Roommate
69.5%
The newest food craze turns out to be the young of the aliens from Omnicron Persei 8
The Problem with Popplers
63.8%
What if Bender was 500 feet talls, Leela were more impulsive, and Fry never came to the future?
Anthology of Interest I
62.4%
Earth is at war, and Fry and Bender enlist
War is the H-Word
61%
What if Bender was human, the world was a videogame, and Leela was from Oz
Anthology of Interest II
59.1%
Fry wins tickets to visit the Slurm factory
Fry and the Slurm Factory
58.9%
Fry is killed by a giant bee sting, and Leela dreams he is still alive
The Sting
58.9%
Fry is elected king of a planet of water-
based organisms
My Three Suns
58.5%
At a university, Fry is challenged by the Professor's hyper-
intelligent monkey
Mars University
58.3%
Scammers take over the Planet Express, and use a tattoo on Fry to travel back in time to steal everything
Bender's Big Score
58.1%
The crew crash land on a planet of Amazonian women
Amazon Women in the Mood
57.9%
Fry finds the fossil of his old dog, Seymour
Jurassic Bark
57.7%
Hermes is expelled, and Fry becomes involved with a beaurecrat
How Hermes Requisitioned His Groove Back
57.3%
Fry makes a deal with the Robot Devil, for his hands, to play music
The Devil's Hands Are Idle Playthings
57.3%
Bender becomes obsessed with Dungeons and Dragons
Bender's Game
56.9%
The crew go back in time, and land in Roswell, New Mexico
Roswell That Ends Well
56.5%
Bender becomes a television icon on All My Circuits
Bender Should Not Be Allowed On TV
55.5%
The Professor creates a box containing an alternate universe
The Farnsworth Parabox
55.5%
Zapp Brannigan is fired and is forced to work for Planet Express
Brannigan, Begin Again
55.1%
By night, Bender is transformed into a murderour car
The Honking
54.9%
On a mission, Leela meets Zapp Brannigan
Love's Labours Lost In Space
54.7%
Fry tracks down his old seven-
leaf-
clover
The Luck of the Fryish
54.7%
An amorous planet-
sized tentacle creature invades the Universe
The Beast With A Billion Backs
54.3%
On a mission, Bender decides to stay on a planet inhabited by robots
Fear of A Bot Planet
53.7%
Richard Nixon's head steals Bender's body to run for President
A Head In The Polls
53.7%
Bender's decadent actions land him in Robot Hell
Hell is Other Robots
53.3%
After a relationship, and an accident, Fry's head is implanted onto Amy's body
Put Your Head On My Shoulder
53%
Farnsworth is forced to seduce Mom to save the world
Mother's Day
53%
Fry is infested with life-
improving parasites
Parasites Lost
53%
A time anomaly causes time to periodically skip forward
Time Keeps On Slippin'
53%
The crew huddle up for protections from the evil Santa Claus
Xmas Story
52.4%
Fry, a newfound millionaire, attempts to buy the last sardines in the world
A Fishful of Dollars
52.2%
Bender, lost in space, becomes a God to a miniature race
Godfellas
51.8%
Bender is given an emotion chip that mimics Leela
I Second That Emotion
51.4%
Eco-
feminists threaten the Wong Family plans
Into the Wild Green Yonder
51.4%
Flying brains invaded, leaving everyone stupid, except the immune Fry
The Day The Earth Stood Stupid
51%
Plot
Episode
% Correct
Kif becomes pregnant with Leela's DNA
Kif Gets Knocked Up A Notch
50.8%
Aliens abduct Fry and steal his nose to sell as an aphrodisiac
Spanish Fry
50.8%
Leela is reunited with her parents
Leela's Homeworld
50.6%
Bender is taught how to cook
The 30% Iron Chef
50.2%
The crew are mutated to younger versions of themselves
Teenage Mutant Leela's Hurdles
50.2%
Zoidberg returns to his planet for mating season
Why Must I Be A Crustacean In Love
49.6%
Dissatisfied with his life, the Professor unleashes his younger clone, Cubert
A Clone of My Own
49.6%
The Wong Family Buggalo are wrastled
Where the Buggalo Roam
49%
The crew discover the lost city of Atlanta, and Fry falls for a mermaid
The Deep South
48.8%
Fry is recruited to save the universe from flying brains
The Why of Fry
48.2%
The crew visit a planet with the original Star Trek crew imprisoned there
Where No Fan Has Gone Before
48.2%
Bender gets involved with the Robot Mafia
Bender Gets Made
47.6%
Leela becomes a world-
famous pitcher
A Leela of Her Own
47.4%
Fry is placed in a robot insane asylum
Insane in the Mainframe
46.3%
Bender is reprogrammed as a penguin on Pluto
The Birdbot of Ice-Catraz
45.5%
Bender is given a gender change and falls in love with Calculon
Bend Her
43.5%
The crew is each given $300 and spends it in different, interconnected ways
Three Hundred Big Boys
43.3%
Bender teams up with Beck's head to become a folk singer
Bendin' In the Wind
42.7%
Bender falls in love with the Planet Express Ship
Love and Rocket
42.3%
An eighties stock broker is unfrozen and takes over Planet Express
Future Stock
42.1%
Bender visits an island of obsolete robots and joins them
Obsoletely Fabulous
42.1%
Bender becomes a professional wrestler
Raging Bender
41.7%
Leela meets the mysterious last member of her race...and marries him
A Bicyclops Built For Two
41.7%
The crew takes a luxury trip on the newly built Titanic
A Flight to Remember
41.5%
Bender attempts to replace Santa Claus
A Tale of Two Santas
41.3%
Cubert and Dwight start a very successful paper route
The Route of All Evil
40.2%
Fry, Leela, and Bender form a superhero team
Less Than Hero
40.2%
Zoidberg is prosecuted for eating the American flag
A Taste of Freedom
40%
Robots are blamed for global warming, and marked for destruction
Crimes of the Hot
39.8%
Zoidberg teams up with his silent holo-
fim-
era Uncle Zoid for a film
That's Lobstertainment
39.2%
A millenium-
old fumble from Fry, leads to an invasion of Earth from Omnicron Persei 8
When Aliens Attack
39%
Bender falls in love with Flexo's ex-
wife
Bendless Love
38.6%
The Professor's Smelloscope detects a giant mass of garbage heading for Earth
A Big Piece of Garbage
38.4%
Fry's ex-
girlfriend is unfrozen
The Cryonic Woman
38.2%
Leela is surgically given a second eye, as Bender adopts many orphans
The Cyber House Rules
36.6%
The crew meet Bender's identical twin, Flexo
The Lesser of Two Evils
36%
Fry hooks up with a robot projection of Lucy Liu
I Dated A Robot
35%
Bender becomes Pharoah of an Egyptian planet
A Pharoah to Remember
33.7%
Quiz Playlist
Details
Report
Send in Message
Add To Playlist
Classic:
Type in answers that appear in a list
Last Updated: Feb 16, 2017
Quiz Scoreboard
CHALLENGE
Sign Up to Join the Scoreboard
Show All
Scores
Hide
Comments
May contain spoilers
Recently Published
Find the 'City' Movie
by crazypaving
Movies
60s
5x2 Blitz: Bands
by SL_Kpop136
Music
30s
Colored Red Africa Blitz
by spor1
Geography
30s
More to Explore
Quiz From the Vault
Featured Blog Post
14 Easter Pick-up Lines to Find Eggs With
hide this ad
You Might Also Like...
Tags
By Plot
code
episode
futurama
plot
production
Today's Top Quizzes in Television
Browse Television
hide this ad
Today's Top Quizzes in code
Browse code
Top Contributed Quizzes in Television
1
Survivor Journey Challenge
2
Brooklyn Nine Nine Logic Puzzle (How-To-Play)
3
Phoebe Buffay Quotes
4
Survivor Trivia
5
Survivor Logic Puzzle: Heroes vs. Villains
6
One Tree Hill Logic Puzzle
7
Survivor Heroes vs. Villains Logic Puzzle
8
All US Survivor Seasons in Order
9
Game of Thrones: Tywin Lannister Start to Finish
10
Emmerdale Characters (from August 2012)
Explore More
Trending Topics
Anime
Disney
Kpop
Marvel
Crossword
NBA
Harry Potter
Country
The Office
Soccer
Pokémon
NFL
Song
WWE
Puzzle
hide this ad
More By:
Maple
Quiz
Plays
Rating
Category
Featured
Created
Oliver Stone Movies
7,542
4.52
Movies
Nov 27, 2009
Futurama By Plot
492
5.00
Television
Nov 27, 2009
80's Movie Songs
467
4.50
Music
Nov 27, 2009
South Park by Plot Seasons 1-4
202
3.17
Television
Nov 27, 2009
Oscar Best Original Song
70
4.00
Movies
Nov 27, 2009
Go to Creator's Profile
Score Distribution
Quiz Creator Spotlight
Maple
Follow
Send a Message
Quizzes Created
-
Created Quiz Play Count
-
More By This Creator
Popular Quizzes Today
1
Colored Red Africa Blitz
2
Find the US States - No Outlines Minefield
3
Find the 'City' Movie
4
5x2 Blitz: Bands
5
The Countries of the World
6
Find the US States
7
US States
8
9x9 Crossword: Cartoon Network
More Television Quizzes
101 Best Written TV Shows
Published
Trending Quizzes
Colored Red Europe Blitz I
Colored Red Europe Blitz II
Colored Red Africa Blitz II
Colored Red Europe Blitz III
Colored Red Africa Blitz III
Recently Updated
Godzilla Movies
pecheneg
Grab Bag: 4-10 Letters
pecheneg
2024 March Madness Bracket
pecheneg
Famous TV Couples
Peacemaker
Champions League XIs: Real Madrid
pecheneg
Largest US Cities 1790-2010
pecheneg
Rides in Walt Disney World
pecheneg
Most Oscar Losses (Acting)
pecheneg
Beyoncé Albums
pecheneg
Leaping Animals
pecheneg
Trending Topics
Marvel
NBA
Crossword
Disney
Kpop
Anime
Harry Potter
Pokémon
Soccer
Country
WWE
Song
The Office
NFL
Puzzle
Your Account Isn't Verified!
In order to create a playlist on Sporcle, you need to verify the email address you used during registration. Go to your
Sporcle Settings
to finish the process.
Report this User
Report this user for behavior that violates our
Community Guidelines
.
Details:
Send Report
Go to the Sporcle.com Mobile Site →
Comments